Word Ladder: Amphibians Quiz Stats

 Plays Quiz Updated May 6, 2013

Support Sporcle.
Go Orange.
Score 0/20 Timer 02:00
3 Plays Today
Hint 4-Letter Word % Correct
Insects which make honeyBEES
95.4%
Bird's homeNEST
94.9%
Shoes hold themFEET
94.7%
Amphibians are ____-bloodedCOLD
93.9%
What a drum provides to musicBEAT
93.9%
Reddish vegetableBEET
93.3%
Red-eyed tree ____•FROG•
92.3%
Organization of male studentsFRAT
89.8%
Mario ally?•TOAD•
89.8%
To feel worryFRET
89.6%
Hint 4-Letter Word % Correct
Winter jacketCOAT
89.3%
Said to someoneTOLD
88.6%
Outdoor partyFEST
88.1%
Water vesselBOAT
88%
Relative of salamander•NEWT•
84.3%
To kill or wound, with a grenadeFRAG
83.9%
Footballer from IndianaCOLT
83.3%
Word spread around townNEWS
81.6%
Brooklyn NBA teamNETS
79.1%
Trifecta and superfecta, e.g.BETS
74.1%

Today's Daily Dose

You're not logged in!

Compare scores with friends on all Sporcle quizzes.
OR
Log In
Forgot?

From the Vault

NICK in the '90s

by ImmaCouchPotato

If you were a kid born in the 80's and grew up in the 90's, you were dying for a piece of the Aggro Crag. I just know it!
Remove Ads.
Support Sporcle.
Get the best of Sporcle when you Go Orange. This ad-free experience offers more features, more stats, and more fun while also helping to support Sporcle. Thank you for becoming a member.

Show Comments

Extras

Top Quizzes Today


Score Distribution

Your Account Isn't Verified!

In order to create a playlist on Sporcle, you need to verify the email address you used during registration. Go to your Sporcle Settings to finish the process.

Report this User

Report this user for behavior that violates our Community Guidelines.

Details: